Cecil. Tratado de Medicina Interna (Registro nro. 2882)
[ vista simple ]
| 000 -LEADER | |
|---|---|
| fixed length control field | 00247nam a22000977a 4500 |
| 008 - FIXED-LENGTH DATA ELEMENTS--GENERAL INFORMATION | |
| fixed length control field | 190403e1987 mx ||||| |||| 00| 0 spa d |
| 245 1# - TITLE STATEMENT | |
| Title | Cecil. Tratado de Medicina Interna |
| 250 ## - EDITION STATEMENT | |
| Edition statement | 17a ed. |
| 260 ## - PUBLICATION, DISTRIBUTION, ETC. (IMPRINT) | |
| Place of publication, distribution, etc | Mexico |
| Name of publisher, distributor, etc | Interamericana |
| Date of publication, distribution, etc | 1987 |
| 500 ## - GENERAL NOTE | |
| Materials specified | Baja |
| Withdrawn status | Lost status | Source of classification or shelving scheme | Damaged status | Use restrictions | Not for loan | Location (home branch) | Sublocation or collection (holding branch) | Date acquired | Koha issues (times borrowed) | Piece designation (barcode) | Koha date last seen | Copy number | Price effective from | Koha item type | Public note |
|---|---|---|---|---|---|---|---|---|---|---|---|---|---|---|---|
| Dewey Decimal Classification | Restricted Access | Not For Loan | Biblioteca Medicina | Biblioteca Medicina | 03/04/2019 | 766 | 03/04/2019 | Ej. 3 Vol. 1 | 03/04/2019 | Libros | Baja |